Η διεθνής έννομη τάξη απέναντι στο διεθνές οικονομικό έγκλημα και τη χρηματοδότηση της τρομοκρατίας : ευρωπαϊκές θεσμικές ιδιαιτερότητες : πτυχιακή εργασία

Το Οργανωμένο έγκλημα και η Χρηματοδότηση της Τρομοκρατίας, αποτελούν στη σημερινή εποχή τη σημαντικότερη απειλή σε Διεθνές επίπεδο για την Οικονομία μιας Χώρας. Δεν είναι λίγες οι περιπτώσεις, που κατά καιρούς έχουν έρθει στην επιφάνεια και έχουν κλονίσει την κοινή γνώμη. Απάτες, δραστηριότητες ξεπ...

Πλήρης περιγραφή

Αποθηκεύτηκε σε:
Λεπτομέρειες βιβλιογραφικής εγγραφής
Κύριος συγγραφέας: Καλτσώνη, Χρύσα
Συγγραφή απο Οργανισμό/Αρχή: Πανεπιστήμιο Αιγαίου Σχολή Κοινωνικών Επιστημών Τμήμα Κοινωνιολογίας
Μορφή: Thesis Βιβλίο
Γλώσσα:Greek
Δημοσίευση: 2014.
Θέματα:
Διαθέσιμο Online:http://hdl.handle.net/11610/7845
Ετικέτες: Προσθήκη ετικέτας
Δεν υπάρχουν, Καταχωρήστε ετικέτα πρώτοι!

MARC

LEADER 00000cam a2200000 a 4500
001 1/110073
008 160225s2014####gr | ||| |||| ||gre||
040 |a GR-MyUa  |b gre  |c GR-MyUa  |e AACR2 
041 0 |a gre 
082 7 |a 345  |2 (23) 
100 1 |a Καλτσώνη, Χρύσα. 
245 1 2 |a Η διεθνής έννομη τάξη απέναντι στο διεθνές οικονομικό έγκλημα και τη χρηματοδότηση της τρομοκρατίας :   |b ευρωπαϊκές θεσμικές ιδιαιτερότητες : πτυχιακή εργασία /   |c επίβλεψη: Κ. Γρηγορίου Παναγιώτης ; συγγραφή: Χρύσα Καλτσώνη.  
260 |c 2014.  
300 |a 56 σ. ;   |c 29 εκ.  
502 |a Πτυχιακή εργασία – Πανεπιστήμιο Αιγαίου, Λέσβος, 2014. 
504 |a Βιβλιογραφία: σ. 52-56.  
506 0 |a Ηλεκτρονική διάθεση στο πλήρες κείμενο - ελεύθερης πρόσβασης.  
520 8 |a Το Οργανωμένο έγκλημα και η Χρηματοδότηση της Τρομοκρατίας, αποτελούν στη σημερινή εποχή τη σημαντικότερη απειλή σε Διεθνές επίπεδο για την Οικονομία μιας Χώρας. Δεν είναι λίγες οι περιπτώσεις, που κατά καιρούς έχουν έρθει στην επιφάνεια και έχουν κλονίσει την κοινή γνώμη. Απάτες, δραστηριότητες ξεπλύματος «μαύρου» χρήματος, προκειμένου οι εγκληματικές ομάδες να έχουν ευκολότερη πρόσβαση σε διάφορα συστήματα καθώς και ευκολότερη πρόσβαση για την απόκτηση υλικών αγαθών μέσα από παράνομες δραστηριότητες αλλά και δολοφονίες, είναι από τα κυριότερα χαρακτηριστικά του Φαινομένου που απασχολεί όλες τις Κυβερνήσεις παγκοσμίως. Το Οργανωμένο έγκλημα και οι μορφές του, μέσω αυτών των δραστηριοτήτων, αποκτά μεγαλύτερη ισχύ και ενθαρρύνει τη δράση των εγκληματικών ομάδων καθώς επίσης και τη Χρηματοδότηση τους. Διεθνείς Οργανισμοί και υπηρεσίες όπως είναι ο Οργανισμός των Ηνωμένων Εθνών, η Ευρωπαϊκή Ένωση, η Ομάδα Χρηματοοικονομικής δράσης για το ξέπλυμα χρήματος (FATF – Financial Action Task Force), η Ευρωπαϊκή Υπηρεσία Καταπολέμησης της Απάτης (OLAF – European Anti – Fraud Office), ο Οργανισμός Οικονομικής Συνεργασίας και Ανάπτυξης (ΟΟΣΑ) κλπ , έχουν αναλάβει το έργο της καταπολέμησης αυτού του Φαινομένου, μέσα από συστάσεις και νομοθεσίες που κατά καιρούς έχουν δημιουργήσει. 
650 0 |a International criminal law. 
650 0 |a Terrorism   |x Prevention   |x Law and legislation. 
650 0 |a Organized crime   |x Prevention. 
540 |a Κλειδωμένη η δυνατότητα αντιγραφής (copy) από το ηλεκτρονικό κείμενο.  
700 1 |a Γρηγορίου, Παναγιώτης Γ.  |e dgs 
710 2 |a Πανεπιστήμιο Αιγαίου  |b Σχολή Κοινωνικών Επιστημών  |b Τμήμα Κοινωνιολογίας. 
852 |a INST  |b LESVOS  |c DIATR  |e 20160225  |h 533  |p 005100057194  |q 005100057194  |t DIE  |y 23 
856 |u http://hdl.handle.net/11610/7845 
924 |a Καλτσώνη  |b Χρύσα  |y Λέσβος 
970 |a Πατσή   |b Ανθίππη  |z 25-02-2016